Datum a čas kvízu
22
Celkem bodů
Celkový počet nahraných bodů na tomto kvízu bez doplňovacích otázek.
5.
Pořadí na kvízu
Konečné umístění týmu na tomto kvízu.
Zaznamenané odpovědi
| # | Otázka | Odpověď | Body | Výsledky |
|---|---|---|---|---|
| 1. | Centrum alternativní medicíny... | AKTIP | 0 | |
| 2. | Londýnská metropolitní policie... | Ekvádor | 1 | |
| 3. | Australský herec vyhrál soudní... | Geoffrey Rush | 1 | |
| 4. | Strakonická firma, specializuj... | Moira | 1 | |
| 5. | Jedničkou výběru kapitána Petr... | Lucie Šafářová | 1 | |
| 6. | V tomto tématu se podíváme na... | Všechno bude, Zelená kniha | 0.5 | |
| 5. | V českém prostředí jsou v dneš... | v Indii | 0 | |
| 8. | Komediální road movie Pařba ve... | Vo štvorici po opici | 1 | |
| 5. | V roce 1984 natočil režisér Wi... | Paříž, Texas | 0 | |
| 10. | Jistou formou road movies jsou... | v Argentině | 1 |